000 01436nam a2200277 4500
040 _cNSHS
082 _a297.36
_bMUR
245 1 _aRūzah aur Ramaẓān :
_bakābir ʻulamāʼ kī taḥrīroṅ kā guldastah /
_cintikhāb K̲h̲urram Murād.
246 _aRuzah aur Ramzan
246 _aRoza aur Ramzan
246 _aRozah aur Ramzan
260 _aManshūrāt:
_bMultān;
_c2000
300 _a82 pages
500 _aDC010725
500 _aReligion
520 _a"Rūzah aur Ramaẓān" (Fasting and Ramadan) is usually a book or booklet that explains the importance, rules, and spiritual benefits of fasting in the holy month of Ramadan. It highlights how fasting is more than just avoiding food and drink—it is about self-control, patience, kindness, and closeness to Allah. The book may also describe the daily routine of a fasting Muslim, common duas (prayers), and the significance of Laylat al-Qadr (The Night of Power). It serves as a guide for Muslims to understand how to make the most of this blessed month.
546 _aIn Urdu
650 0 _aFasting
_xReligious aspects
_xIslam.
_9130251
650 0 _aRamadan
_xReligious aspects
_xIslam.
_9130252
650 0 _aIslam
_xDoctrines.
_91634
650 0 _aIslamic sermons, Urdu.
_9130253
650 0 _aMuslim scholars
_xIslamic religious life.
_9130254
700 1 _aMurād, K̲h̲urram
_9130255
942 _2ddc
_cBK
999 _c614448
_d614448